Each day with Jesus : (Record no. 5066)

MARC details
000 -LEADER
fixed length control field 00786cam a2200241 a 4500
001 - CONTROL NUMBER
control field 1123977
003 - CONTROL NUMBER IDENTIFIER
control field GBCCL
005 - DATE AND TIME OF LATEST TRANSACTION
control field 20241126110532.0
008 - FIXED-LENGTH DATA ELEMENTS--GENERAL INFORMATION
fixed length control field 940323s1994 mou 000 0 eng
010 ## -
-- 94013495
020 ## - INTERNATIONAL STANDARD BOOK NUMBER
International Standard Book Number 0570046556
040 ## - CATALOGING SOURCE
Original cataloging agency DLC
Transcribing agency DLC
Modifying agency DLC
050 00 -
-- BV4811
-- .N64 1994
082 00 - DEWEY DECIMAL CLASSIFICATION NUMBER
Classification number 242.2
Edition information 20
Item number NOR
100 1# - MAIN ENTRY--PERSONAL NAME
Personal name Norden, Rudolph F.
9 (RLIN) 7452
245 10 - TITLE STATEMENT
Title Each day with Jesus :
Remainder of title daily devotions through the year /
Statement of responsibility, etc. Rudolph F. Norden.
260 ## - PUBLICATION, DISTRIBUTION, ETC.
Place of publication, distribution, etc. St. Louis :
Name of publisher, distributor, etc. CPH,
Date of publication, distribution, etc. c1994.
300 ## - PHYSICAL DESCRIPTION
Extent 362 p. ;
Dimensions 23 cm.
650 #0 - SUBJECT ADDED ENTRY--TOPICAL TERM
Topical term or geographic name entry element Devotional calendars
General subdivision Lutheran Church.
9 (RLIN) 7467
906 ## - LOCAL DATA ELEMENT F, LDF (RLIN)
a 7
b cbc
c orignew
d 1
e ocip
f 19
g y-gencatlg
942 ## - ADDED ENTRY ELEMENTS (KOHA)
Source of classification or shelving scheme Dewey Decimal Classification
Koha item type Books
Koha issues (borrowed), all copies 1
Holdings
Withdrawn status Lost status Source of classification or shelving scheme Damaged status Not for loan Home library Current Library Shelving location Date acquired Total checkouts Full call number Barcode Date last seen Copy number Price effective from Koha item type Date last checked out
    Dewey Decimal Classification     GRACE BIBLE COLLEGE GRACE BIBLE COLLEGE Ministry & Mission 2018-02-26   242.2 NOR 011734 2025-05-01 c.1 2018-02-26 Books  
    Dewey Decimal Classification     GRACE BIBLE COLLEGE GRACE BIBLE COLLEGE Ministry & Mission 2018-02-26   242.2 NOR 011735 2025-05-01 c.2 2018-02-26 Books  
    Dewey Decimal Classification     GRACE BIBLE COLLEGE GRACE BIBLE COLLEGE Ministry & Mission 2018-02-26   242.2 NOR 011736 2025-05-01 c.3 2018-02-26 Books  
    Dewey Decimal Classification     GRACE BIBLE COLLEGE GRACE BIBLE COLLEGE Ministry & Mission 2018-02-26   242.2 NOR 011737 2025-05-01 c.4 2018-02-26 Books  
    Dewey Decimal Classification     GRACE BIBLE COLLEGE GRACE BIBLE COLLEGE Ministry & Mission 2018-02-26   242.2 NOR 011738 2025-05-01 c.5 2018-02-26 Books  
    Dewey Decimal Classification     GRACE BIBLE COLLEGE GRACE BIBLE COLLEGE Ministry & Mission 2018-02-26   242.2 NOR 011739 2025-05-01 c.6 2018-02-26 Books  
    Dewey Decimal Classification     GRACE BIBLE COLLEGE GRACE BIBLE COLLEGE Ministry & Mission 2018-02-26   242.2 NOR 011740 2025-05-01 c.7 2018-02-26 Books  
    Dewey Decimal Classification     GRACE BIBLE COLLEGE GRACE BIBLE COLLEGE Ministry & Mission 2018-02-26   242.2 NOR 011741 2025-05-27 c.8 2018-02-26 Books  
    Dewey Decimal Classification     GRACE BIBLE COLLEGE GRACE BIBLE COLLEGE Ministry & Mission 2018-02-26 1 242.2 NOR 011742 2025-05-01 c.9 2018-02-26 Books 2024-06-19
    Dewey Decimal Classification     GRACE BIBLE COLLEGE GRACE BIBLE COLLEGE Ministry & Mission 2018-02-26   242.2 NOR 011743 2025-05-01 c.10 2018-02-26 Books  
© Grace Bible College Library 2025